Missing Word: Who 'and the' What? Quiz Stats

 Plays Quiz Updated Mar 7, 2016

Challenge
Share
Tweet
Embed
Score 0/24 Timer 04:00
0 Plays Today
Who What % Correct
The Mamas and the _____Papas
93%
Kool and the _____Gang
92.2%
Huey Lewis and the _____News
89.3%
Diana Ross and the _____Supremes
87.3%
Tom Petty and the _____Heartbreakers
83.3%
Gladys Knight and the _____Pips
81.9%
Herman and the _____ Hermits
68.5%
Bob Marley and the _____Wailers
61.4%
Adam and the _____Ants
60.4%
Katrina and the _____Waves
57%
Joan Jett and the _____Blackhearts
52.6%
Mike and the _____Mechanics
50.1%
Who What % Correct
Paul Revere and the _____ Raiders
48.8%
Prince and the _____Revolution
47.5%
Echo and the _____ Bunnymen
46.9%
Martha Reeves and the _____Vandellas
45.2%
Smokey Robinson and the _____Miracles
44.2%
Siouxsie and the _____Banshees
43.7%
Buddy Holly and the _____Crickets
43.1%
Booker T and the _____MGs
41.1%
Gerry and the ______Pacemakers
40.7%
Eric Burdon and the _____Animals
38.8%
George Thorogood and the _____Destroyers
34.5%
Iggy and the ______ Stooges
31.7%

Today's Daily Dose

Missing Word
TV HA - HZ

Word Ladder
Nordic Capital

On This Day
January 19th II

You're not logged in!

Compare scores with friends on all Sporcle quizzes.
OR
Log In

You Might Also Like...

Show Comments

Extras

Top Quizzes Today


Score Distribution

Your Account Isn't Verified!

In order to create a playlist on Sporcle, you need to verify the email address you used during registration. Go to your Sporcle Settings to finish the process.

Report this User

Report this user for behavior that violates our Community Guidelines.

Details: